Ordinary Level mathematics / (Record no. 5475)
[ view plain ]
| 000 -LEADER | |
|---|---|
| fixed length control field | 00764cam a2200277 a 4500 |
| 001 - CONTROL NUMBER | |
| JCCL Control Number | 5475 |
| 003 - CONTROL NUMBER IDENTIFIER | |
| JCCL marc code | BD-JhCC |
| 005 - DATE AND TIME OF LATEST TRANSACTION | |
| control field | 20171217094644.0 |
| 008 - FIXED-LENGTH DATA ELEMENTS--GENERAL INFORMATION | |
| fixed length control field | 850520s1984 enk | |||| ||eng|| |
| 020 ## - INTERNATIONAL STANDARD BOOK NUMBER | |
| International Standard Book Number | 0435503421 |
| 035 ## - SYSTEM CONTROL NUMBER | |
| system control number | (BD-JhCC)5475 |
| 040 ## - CATALOGING SOURCE | |
| Original cataloging agency | BD-JhCC |
| Modifying agency | BD-JhCC |
| 041 ## - LANGUAGE CODE | |
| Language code of Book | eng |
| 082 ## - DEWEY DECIMAL CLASSIFICATION NUMBER | |
| Classification number | 510 |
| Author mark and Year | ORD 2007 |
| 100 1# - MAIN ENTRY--PERSONAL NAME | |
| Personal name | Clarke, L. Harwood |
| Fuller form of name | (Leonard Harwood), |
| Dates associated with a name | 1908- |
| 245 10 - TITLE STATEMENT | |
| Title | Ordinary Level mathematics / |
| Statement of responsibility, etc | L. Harwood Clarke. |
| 250 ## - EDITION STATEMENT | |
| Edition statement | 7th ed. / |
| 260 ## - PUBLICATION, DISTRIBUTION, ETC. (IMPRINT) | |
| Place of publication, distribution, etc | London : |
| Name of publisher, distributor, etc | Heinemann Educational, |
| Date of publication, distribution, etc | 1984. |
| 300 ## - PHYSICAL DESCRIPTION | |
| Pagination | xvi,503p ; |
| Dimensions | 24cm. |
| 500 ## - GENERAL NOTE | |
| General note | With answers. |
| 500 ## - GENERAL NOTE | |
| General note | Previous ed.: 1978. |
| 504 ## - BIBLIOGRAPHY, ETC. NOTE | |
| Bibliography, etc | Includes index. |
| 650 ## - SUBJECT ADDED ENTRY--TOPICAL TERM | |
| Topical term or geographic name as entry element | Mathematics |
| 700 1# - ADDED ENTRY--PERSONAL NAME | |
| Personal name | Norton, F. G. J. |
| Fuller form of name | (Frederick George James) |
| 942 ## - ADDED ENTRY ELEMENTS (KOHA) | |
| Source of classification or shelving scheme | Dewey Decimal Classification |
| Koha item type | Books |
| Source of classification or shelving scheme | Damaged status | Not for loan | Home library | Current library | Shelving location | Total Checkouts | Full call number | Barcode | Date last seen | Date checked out | Copy number | Koha item type |
|---|---|---|---|---|---|---|---|---|---|---|---|---|
| Dewey Decimal Classification | JCC Rouf Library | JCC Rouf Library | General Stacks | 1 | 510 ORD 2007 | 7714 | 11/04/2018 | 10/28/2018 | C - 1 | Books |